000 00800nam a2200193 4500
001 123531
003 ES-MaACL
007 t|
008 070214m19501952sp r ||||1| spa d
245 0 0 _aQuímica de la fabricación de papel
_b: teoría y práctica.
260 _aAlcoy :
_b[s.n.],
_c1950-1952 (
_fTip.S.B.A.)
300 _a2 t. :
_bil. ;
_c22 cm.
505 8 _aContiene: Tomo I. Química de la celulosa y de los materiales celulósicos por Luis Pallás Miguel. Tomo III. Fabricación de las pastas de celulosa por Joaquín Navarro Sagrista
700 1 _aPallás Miguel, Luis.
_988589
700 1 _aNavarro Sagrista, Joaquín.
_985169
740 0 _aQuímica de la celulosa y de los materiales celulósicos.
740 0 _aFabricación de las pastas de celulosa.
852 _aES-MaACL
_jE-4745-6
999 _c123531
_d123531